Classical electricity and magnetism
Saved in:
| Main Authors: | , |
|---|---|
| Format: | Book |
| Language: | English |
| Published: |
Reading, Massachusetts :
Addison-Wesley,
1972, c1962.
|
| Edition: | 2η έκδ. |
| Series: | Addison-Wesley series in physics
|
| Subjects: | |
| Tags: |
Add Tag
No Tags, Be the first to tag this record!
|
MARC
| LEADER | 00000cam a2200000 a 4500 | ||
|---|---|---|---|
| 001 | 1/107959 | ||
| 008 | 150818r19721962us | ||| |||| ||eng|| | ||
| 040 | |a GR-MyUa |b gre |c GR-MyUa |e AACR2 | ||
| 041 | 0 | |a eng | |
| 082 | 7 | |a 530.141 |2 (23) | |
| 100 | 1 | |a Panofsky, Wolfgang K. H. |q (Wolfgang Kurt Hermann), |d 1919-2007. | |
| 245 | 1 | 0 | |a Classical electricity and magnetism / |c by Wolfgang K.H. Panofsky and Melba Phillips. |
| 250 | |a 2η έκδ. | ||
| 260 | |a Reading, Massachusetts : |b Addison-Wesley, |c 1972, c1962. | ||
| 300 | |a xiv, 494 σ. ; |c 21 εκ. | ||
| 490 | 1 | |a (Addison-Wesley series in physics) | |
| 504 | |a Περιέχει βιβλιογραφικές αναφορές και ευρετήριο. | ||
| 650 | 0 | |a Electricity. | |
| 650 | 0 | |a Electromagnetic theory. | |
| 650 | 0 | |a Relativity (Physics) | |
| 700 | 1 | |a Phillips, Melba, |d 1907-2004, |e aut | |
| 830 | 0 | |a Addison-Wesley series in physics | |
| 852 | |a INST |b SAMOS |e 20150818 |h 530.141 PAN |p 005300042514 |q 005300042514 |t BK |y 0 | ||
| 970 | |a Γουβάλα |b Βάσω |z 18-80-2015 | ||